000 00291nam a22001337a 4500
008 170731b xxu||||| |||| 00| 0 eng d
020 _a9780619015237
041 _aeng
080 _a004
100 _a32
101 _aSHKI
245 _aINTERNET PPROGRAMMING
_cHALATA, H
942 _2udc
_cBK
999 _c22172
_d22172